| 000 | 00833nam a2200265Ia 4500 | ||
|---|---|---|---|
| 001 | Para_68 | ||
| 003 | CHAP | ||
| 008 | 220125s1975 xx 000 0 und d | ||
| 010 | _a198641 | ||
| 040 | _cCHAP | ||
| 090 | _aPA FOLLETO 71 | ||
| 110 |
_aInstituto Nacional de Investigaciones Agrícolas (México). CIASE _9163922 |
||
| 245 |
_aGuía para la asistencia técnica agrícola : _b área de influencia del campo agrícola experimental Costa Oaxaqueña / _c por INIA |
||
| 260 |
_aMéxico : _b El Instituto |
||
| 300 | _a39 p. | ||
| 650 |
_aAgricultura _xInvestigación _xOaxaca _91653 |
||
| 650 |
_aOaxaca _xAgricultura _9141860 |
||
| 901 | _aPA FOLLETO 71 | ||
| 902 | _aA | ||
| 905 | _a0000001975 a 0000000000 00 | ||
| 910 | _a1975 | ||
| 942 | _cPARA | ||
| 942 |
_cPARA _d1 |
||
| 999 |
_c198641 _d198641 |
||